Colossal Word Ladder (A-Z) Quiz Stats

 Plays Quiz Updated Nov 23, 2012

Challenge
Share
Tweet
Embed
Score 0/168 Timer 15:00
1 Play Today
% Correct
Portion of breadSLICE
93.9%
Lewis Carroll's wonderland voyagerALICE
93.8%
Symbol of ChristianityCROSS
92.8%
Jack ___, 'Nacho Libre' starBLACK
91.5%
TimekeeperCLOCK
90.2%
Steve Irwin's favourite reptilesCROCS
88.9%
Frock or gownDRESS
88.8%
Woodwind instrumentFLUTE
86.6%
InterfereBLOCK
86.5%
Pulls along the groundDRAGS
85.4%
___ of goldCROCK
84.7%
UK apartmentsFLATS
84.6%
Fast-growing edible herbCRESS
84.1%
Coffee cup remainsDREGS
82.9%
SlipperySLICK
82.7%
Union Jack & Jolly RogerFLAGS
81.9%
LooseSLACK
81.7%
Ice hockey discsPUCKS
79.5%
Wine ingredientGRAPE
79.4%
Mark an examGRADE
77.3%
GrenadesFRAGS
76.7%
LeBlanc, Damon & DillonMATTS
76.6%
Chicken housesCOOPS
76.3%
Leafy vegetable varietiesKALES
76.3%
Splitting ___, idiomHAIRS
76.2%
FablesTALES
75.4%
Successors HEIRS
75.1%
Groups of twoPAIRS
74.8%
Rundown urban areasSLUMS
74.2%
Tom ___, Welsh singerJONES
74.2%
Tree's foundationsROOTS
74.1%
Senses aurallyHEARS
74.1%
Twitter postingTWEET
74.1%
Not sourSWEET
74%
Milky coffeeLATTE
74%
Broom actionSWEEP
73.8%
Belonging to Mr. RomneyMITT'S
73.7%
Dimes, pennies & silver dollarsCOINS
73.2%
Verbal gagsJOKES
73%
Odd shaped fruitsPEARS
72.9%
Fleshy part of the faceCHEEK
72.9%
Dice gameCRAPS
72.7%
Stony fruitsPLUMS
72.5%
AchesPAINS
71.9%
Open water channelFLUME
71.8%
Flat pancake (alt. spelling)CRAPE
71.7%
Dull or lusterlessMATTE
71.7%
Feathered paddlersDUCKS
71.3%
Virginia ___, cigarette varietySLIMS
71%
Column of smokePLUME
71%
Chess termCHECK
70.9%
Ovine animalSHEEP
71%
Microscopic parasitesMITES
70.7%
FilthGRIME
70.6%
SmirksGRINS
70.6%
Groups of wolvesPACKS
70.4%
% Correct
Corn, barley & oatsCROPS
70.3%
Baby bird soundCHEEP
70.2%
Natives of Great BritainBRITS
70%
Do, re, mi...NOTES
69.4%
Young hen or roosterCHICK
69.2%
Large businessesCORPS
69.2%
Edges of hatsBRIMS
69%
Cardinal directionSOUTH
68.8%
Profits or dividendsGAINS
68.7%
Lazy tree-dwellerSLOTH
68.2%
ComplainGRIPE
67.8%
Clasps or squeezesGRIPS
67.6%
Anagram of quietQUITE
67%
FuriousIRATE
67%
Parking attendantVALET
66.6%
Cuts of meatLOINS
66.6%
MucusSLIME
66.6%
AbdicatesQUITS
65.9%
Hall & ____, musical duoOATES
65.8%
___ in the armourCHINK
65%
Coin holesSLOTS
65%
Crazy peopleLOONS
64.9%
PlundersLOOTS
64.4%
___ Cuoco, 'Big Bang Theory' starKALEY
64%
Wood shaping machineLATHE
64%
Smokes a jointTOKES
63.6%
SalariesWAGES
63.4%
Exclusive or first-classELITE
63.2%
Pointy parts of jawsCHINS
62.8%
Meaty spreadsPATES
62.6%
Dust particlesMOTES
62.3%
Professorial fabricTWEED
62.2%
___ Griffin, US comedienneKATHY
62.2%
Tapered 3-D objectsCONES
61.9%
'The Little Mermaid'ARIEL
61.8%
Defeats in battleROUTS
61.7%
NucleiCORES
61.4%
Pipes or channelsDUCTS
61%
Witchly growthsWARTS
60.8%
Wise eldersSAGES
59.8%
Brandon ___, 'Superman Returns' starROUTH
59.7%
First astrological signARIES
59.7%
___ Sagal, Cuoco's '8 Simple Rules' momKATEY
59.6%
Bob ___, 'Full House' starSAGET
59.2%
Moves quicklyFLITS
59%
Chemically extractELUTE
59%
Items of enamel metalwareTOLES
58.7%
StepsPACES
58.6%
MerchandiseWARES
58.6%
Ayatollah's decreeIRADE
58.6%
Ten of these in a decadeYEARS
58.5%
Stone boundariesWALLS
58.3%
Suffix linking homeo- & psycho-PATHY
57.1%
Cough drop makerHALLS
56.6%
Pisa's tower does thisLEANS
56.1%
Saintly ringsHALOS
55.6%
% Correct
Antisocial behaviourCRIME
55.5%
TruthSOOTH
55.4%
Walk carefullyTREAD
55.3%
ValleysVALES
55.3%
Long for or desireYEARN
55.2%
Noble gasXENON
55.1%
Furniture setSUITE
54.9%
___ Rimes, country singerLEANN
54.7%
Climatic regionCLIME
54%
Absorb informationLEARN
54%
Stuck in a maple or oakTREED
53.3%
Loses colorPALES
53.3%
Protein-rich legumesBEANS
53.3%
Quarrel or disputeFLITE
53.1%
SlashesSLITS
52.2%
French film studioPATHE
51.7%
Network connection pointsNODES
51%
Shorthand for helicoptersHELOS
51%
Medieval helmetSALET
49.9%
Group of threeTRIAD
49.6%
Varieties of mossesPEATS
49.1%
Tall fish-eating birdHERON
49.1%
Antiquated Dutch coinsDUITS
48.9%
ExaminationsTESTS
48%
Belonging to Superman?HERO'S
47.7%
Spicy or effervescentZESTY
47.6%
Batters or clubsBEATS
47%
TribulationTRIAL
46.8%
Irritable TESTY
44.9%
Athlete's personal recordsBESTS
44.5%
Breeds & raisesREARS
44.4%
Surname of EvitaPERON
44.3%
Tom ___, US rock musicianWAITS
43.5%
Deciphers writingREADS
43.1%
Made of oatsOATEN
42.6%
Rugby scoresTRIES
42.2%
Cajoles, particularly fishBAITS
42.2%
Removes excessTRIMS
41%
Waldo's international counterpartWALLY
40.6%
Archangel in some Christian sectsURIEL
40.4%
BabblePRATE
40%
Wild central Asian sheepURIAL
39.1%
Idiots in UK slangPRATS
38.9%
RepairsMENDS
38%
Tears into piecesRENDS
37.7%
Greek word for stranger or alienXENOS
36.2%
Deposits of metallic oreLODES
35.1%
Offshore Spanish fortPENON
34%
Barbeques SPITS
33.1%
HatredSPITE
32.5%
Más y ___, DC comics duoMENOS
32.2%
BurdenedLADEN
30%
___ Center, US media museumPALEY
29.7%
FriendlyPALLY
29.7%
Advance in timeLATEN
28.6%
Waterproof woolen materialLODEN
27.3%

You're not logged in!

Compare scores with friends on all Sporcle quizzes.
OR
Log In

You Might Also Like...

Show Comments

Extras

Top Quizzes Today


Score Distribution

Your Account Isn't Verified!

In order to create a playlist on Sporcle, you need to verify the email address you used during registration. Go to your Sporcle Settings to finish the process.

Report this User

Report this user for behavior that violates our Community Guidelines.

Details: